00462nam a2200157Ia 450000500170000000800410001708200130005810000180007124500310008926000270012030000190014765000180016694200060018495200990019099900150028920250314060931.0240331s9999 xx 000 0 und d bGOVa894 aGowindaraj, K 0aThottaththu kathanaygargal aColombobDuraivic1998 aXXIV, 186 p ., aShort Stories cL 001040708LaWERCLbWERCLcSSCd2024-03-31l0o 894.811 GOVp4507r2024-03-31w2024-03-31yL c3752d3752